An investigation into linguistic expressions of interpersonal meaning in english political speeches by British foreign secretaries

Introduction; Literature review and theoretical backgroud; Method and proceduce; ...

Đã lưu trong:
Sonraí Bibleagrafaíochta
Príomhúdar: Lê Thị Ngọc Mai
Údair Eile: Phan Văn Hòa, Assoc.Prof.Dr (Supervisor.)
Formáid: Neamhaithnid
Teanga:English
Foilsithe: Đà Nẵng : Đại học Đà Nẵng, 2015.
Ábhair:
Clibeanna: Cuir Clib Leis
Gan Chlibeanna, Bí ar an gcéad duine leis an taifead seo a chlibeáil!
Thư viện lưu trữ: Mạng thư viện Đại học Đà Nẵng
LEADER 03128na a2200397 4500
001 000032555
003 8655
005 20230427103354.0
008 151002s2015 000 eng
040 |a LNN 
041 |a ENG 
082 |a 420.4  |b LÊ-M 
100 |a Lê Thị Ngọc Mai 
245 1 0 |a An investigation into linguistic expressions of interpersonal meaning in english political speeches by British foreign secretaries  |h [Thesis-Luận văn thạc sĩ] /  |c Lê Thị Ngọc Mai; Phan Văn Hòa hướng dẫn. 
246 0 |a Khảo sát về biểu hiện ngôn ngữ của nghĩa liên nhân trong các bài diễn văn chính trị tiếng anh của Bộ trưởng ngoại giao Anh. 
260 |a Đà Nẵng :  |b Đại học Đà Nẵng,  |c 2015. 
300 |a 1CD.  |a 2pdf (84 p.&26 p.) ;  |c 4 3/4 in. 
504 |a Master thesis in the social science and humanities.Field: The english language. Code: 60.22.02.01. 
504 |a Includes references. 
520 3 |a Introduction; Literature review and theoretical backgroud; Method and proceduce; ... 
630 0 4 |a English language. 
700 1 |a Phan Văn Hòa,  |c Assoc.Prof.Dr,  |e Supervisor. 
OWN |a LNN 
AVA |a UDN50  |b LNN  |c English  |d 420.4 LÊ-M  |e available  |t Error 5001 Not defined in file expand_doc_bib_avail.  |f 1  |g 0  |h N  |i 0  |j AN  |k 1 
Z40 3 |y An investigation into linguistic expressions of interpersonal meaning in english political speeches  |l Library of UFL  |t VIEW  |x http://catalog.udn.vn:80/F?func=service&doc_library=UDN01&local_base=UDN01&doc_number=000032555&sequence=000001&line_number=0001&func_code=DB_RECORDS&service_type=MEDIA  |f tomtat_000023616.pdf  |e pdf  |s 000310329  |k 20230427  |m NTMTHI 
Z40 3 |y An investigation into linguistic expressions of interpersonal meaning in english political speeches  |l Library of UFL  |t VIEW  |x http://catalog.udn.vn:80/F?func=service&doc_library=UDN01&local_base=UDN01&doc_number=000032555&sequence=000002&line_number=0002&func_code=DB_RECORDS&service_type=MEDIA  |f LUANVAN-LETHINGOCMAI_000023618.pdf  |e pdf  |s 000660975  |k 20230427  |m NTMTHI 
999 |a From the UDN01 
AVA |a UDN50  |b LNN  |c English  |d 420.4 LÊ-M  |e available  |t Error 5001 Not defined in file expand_doc_bib_avail.  |f 1  |g 0  |h N  |i 0  |j AN  |k 1 
TYP |a Printed language 
856 |y An investigation into linguistic expressions of interpersonal meaning in english political speeches  |l Library of UFL  |t VIEW  |x http://catalog.udn.vn:80/F?func=service&doc_library=UDN01&local_base=UDN01&doc_number=000032555&sequence=000001&line_number=0001&func_code=DB_RECORDS&service_type=MEDIA  |f tomtat_000023616.pdf  |e pdf  |s 000310329  |k 20230427  |m NTMTHI 
856 |y An investigation into linguistic expressions of interpersonal meaning in english political speeches  |l Library of UFL  |t VIEW  |x http://catalog.udn.vn:80/F?func=service&doc_library=UDN01&local_base=UDN01&doc_number=000032555&sequence=000002&line_number=0002&func_code=DB_RECORDS&service_type=MEDIA  |f LUANVAN-LETHINGOCMAI_000023618.pdf  |e pdf  |s 000660975  |k 20230427  |m NTMTHI 
980 |a Mạng thư viện Đại học Đà Nẵng